000 00864cam a2200265 4500
999 _c130133
_d130133
001 2645785
003 ARRUPE
005 20200113124915.0
008 731001s1967 enkcf 000 0 eng
010 _a 67077497
015 _aB67-3232
040 _aDLC
_cDLC
_dDLC
043 _af------
050 0 0 _aDT446.N9
_bA5
082 0 0 _a320.9/6
100 1 _aNyerere, Julius K.,
_d1922-1999.
_913382
245 1 0 _aFreedom and unity:
_bUhuru na umoja; a selection from writings and speeches, 1952-65
_c[by] Julius K. Nyerere.
260 _aLondon,
_aNairobi [etc.]
_bOxford U.P.,
_c1967.
300 _axiii, 366 p.
_bfront., 8 plates (incl. ports.)
_c22 1/2 cm.
651 0 _aAfrica
_xPolitics and government .
_948921
651 0 _aTanzania.
_948922
740 0 _aUhuru na umoja.
906 _a7
_bcbc
_corignew
_du
_eopcn
_f19
_gy-gencatlg
942 _2lcc
_cMONOGRAPH